jtoh deletion quiz - Statistics

General Stats
  • This quiz has been taken 57 times
    55 since last reset
  • The average score is 6 of 16
Answer Stats
Question Answer % Correct
What happened on March 3, 2019 the game switched owners from kiddie_cannon to jupiter_five
87%
How much robux would you have if you had 14 robux originally, got gifted 12.5 extra robux from a friend, found 2 robux on the ground, and found a magician that multiplied your robux by one million? 28.5 million
83%
What is the name of the Roblox game in which you must build in preparation for Dragon guys to come out of eggs and attack you? Build To Survive Drakobloxxers
70%
I am currently creating this quiz, true or false False
63%
Finish the lyric: I'm going back to _______ 505
47%
What was the point of that last question? Of course I'm not creating the quiz once it goes public, cause I already made it! filler
37%
is Jetpunk better than Sporcle? Yes
37%
Given that this is the 13th question, which of the following statements CANNOT be true? This is not the correct answer
30%
Okay, you're about to wake up from the nightmare now. What do you say? THIS IS SENSATIONAL!!!!!! (reference to dream game)
30%
what is the name of the fella in the quiz's thumbnail? Beeblebop
27%
Okay, that one was easy! Now what are the yellow ones called? Lightning
20%
What can you unlock with 10 points in Build to Survive Drakobloxxers? House
17%
Which of the following is NOT an effective strategy against the drakobloxxers? Building a wall
13%
What is time? 7:27
10%
what was the best event in all of JToH? Christmas 2020
10%
One of the previous questions was NOT LIKE THE OTHERS! Which one was it? 🔥 Question 7
10%
No matching quizzes found
Score Distribution
Percent of People with Each Score
Percentile by Number Answered
Your Score History
You have not taken this quiz since the last reset